Quizzes
Events
Quiz Creation
Community
Videos
Private Events
Remove Ads
Sign In
Join for FREE
Feedback
Dark Mode
Quiz Categories
Sports
Geography
Music
Movies
Television
Just For Fun
Miscellaneous
History
Literature
Language
Science
Gaming
Entertainment
Religion
Holiday
For Kids
Quiz Lab
Recent
Popular Today
Quiz Kudos Today
Editor Picks
Curator Picks
Quizzes by...
Day
Popularity
Type
Ratings
Length
Year
Community
Subscriptions
Recent Discussions
Orange Saloon
Badges
Playlists
Quests
Create
Leaderboards
Showdown
Live 5
Trivia Bingo
Activity
Puzzle Library
Sporcle Events
Private Events
Virtual Trivia
Globe League
Become a Host
Pub Owners
SporcleCon
Opinionation
Our Games
Videos
Blog
Mobile Apps
Partnerships
Remove Ads and Go Orange
Feedback
Sports
Athletes
MLB
NBA
NHL
NFL
Soccer
Sports Teams
WWE
NCAA
Football
Premier League
Basketball
Baseball
Hockey
Golf
Tennis
Cricket
Rugby
Auto Racing
Olympics
World Cup
Sports
Athletes
MLB
NBA
NHL
NFL
Soccer
Sports Teams
WWE
NCAA
Football
Premier League
Basketball
Baseball
Hockey
Golf
Tennis
Cricket
Rugby
Auto Racing
Olympics
World Cup
Random Quiz
Search Sporcle
×
Quiz Lab
Quiz Lab
Sports
NHL
Type in answers that appear in a list
Type in answers that appear in a list
Classic
Best Score? Go Orange.
Nearly Impossible NHL Grab Bag Stats
Can you name the nearly impossible NHL answers?
By
NHL_LHN
20m
64 Questions
487 Plays
487 Plays
487 Plays
Comments
Comments
Give Quiz Kudos
Give Quiz Kudos
-
- Ratings
hide this ad
More Info
Replay
Link that replays current quiz
Next Quiz
Link to next quiz in quiz playlist
You Got
0%
They Got
Avg Score
53%
Avg Friend Score
Upgrade to see
Score Distribution
Jump to the score distribution portion of the page
Score
0/64
Timer
20:00
0
Plays Today
% Correct
Edmonton Oilers
98.6%
Los Angeles Kings
97.9%
New York Rangers
97.5%
St Louis Blues
93.8%
St Louis Blues
93.8%
Toronto Maple Leafs
86.4%
Toronto Maple Leafs
86.4%
Jonathan Quick
83.8%
Marc-André Fleury
80.7%
Phoenix Coyotes
80.7%
Marc-André Fleury
80.7%
Carolina Hurricanes
79.5%
Bobby Orr
79.1%
Montreal Canadiens
77.6%
Colorado Avalanche
77.4%
New Jersey Devils
76.4%
New Jersey Devils
76.4%
Boston Bruins
73.9%
Dallas Stars
73.1%
Martin Brodeur
71.5%
Chris Osgood
71%
New York Islanders
70.2%
New York Islanders
70.2%
Philadelphia Flyers
69.6%
Paul Coffey
69.4%
Buffalo Sabres
66.1%
Pittsburgh Penguins
65.3%
Tampa Bay Lightning
62.6%
Sidney Crosby
61%
Taylor Hall
61%
Ray Bourque
60.4%
Alexander Ovechkin
58.9%
% Correct
Michael Leighton
56.9%
Felix Potvin
53.8%
Denis Potvin
53.6%
Steven Stamkos
52.4%
Mike Green
51.5%
Ray Emery
50.9%
Brett Hull
50.3%
John Tavares
49.7%
Patrick Kane
49.3%
Curtis Joseph
48.5%
Erik Johnson
46.2%
Patrik Stefan
45.4%
Dave Andreychuk
42.5%
Rick DiPietro
40.5%
Phil Housley
36.8%
Phil Esposito
33.3%
Roman Cechmanek
28.5%
Jussi Markkanen
24.2%
Mathieu Garon
21.8%
Jason Labarbera
21.8%
Doug Wilson
19.5%
Winnipeg TBD *pending board of governors review
18.9%
Gump Worsley
17.2%
John Vanbiesbrouck
17.2%
Jamie Storr
16.6%
Kevin Hatcher
16.4%
Simon Despres
6.6%
Thomas McCollum
6.6%
Gilles Meloche
4.9%
Brock Nelson
3.9%
Matt Corrente
2.7%
Nick Ross
2.3%
Quiz Playlist
Details
Report
Send in Message
Add To Playlist
More Info:
*Starting goals - determined by most games played in each season *Phoenix Coyotes not counted in longest drought
Classic:
Type in answers that appear in a list
Last Updated: Feb 16, 2017
Quiz Scoreboard
CHALLENGE
Sign Up to Join the Scoreboard
Show All
Scores
Hide
Comments
May contain spoilers
Recently Published
Pick 6: Fruits
by JohnFran
Miscellaneous
15s
Click the 1999 NBA Draft
by nibperrychub
Sports
2m
Alphabetical 'K' Countries by Flag Minefield
by ylime102
Geography
3m
More to Explore
Quiz From the Vault
Featured Blog Post
15 Basketball Trivia Facts You Can Be March Mad About
hide this ad
You Might Also Like...
Tags
Hockey Quiz
NHL Quiz
bag
impossible
Nearly
Related
Today's Top Quizzes in Sports
Browse Sports
hide this ad
Today's Top Quizzes in NHL
Browse NHL
Top Contributed Quizzes in Sports
1
Les joueurs à 100 buts en Ligue 1 Uber Eats
2
Pick 6: NFL Teams
3
MLB 2 truths and a lie: Hall of Fame pitchers
4
2022 World Cup Stars
5
Criteria MLB: Left Handed Sluggers
6
Millionaire: NBA Finals Edition
7
Pick 6: Minor League Baseball
8
Click the 1998 NBA Draft
9
Don't Strike Out: 3000 Strikeouts
10
Pick 6: Olympics
Explore More
Trending Topics
Harry Potter
Crossword
NBA
Anime
Marvel
Kpop
Disney
Soccer
Song
The Office
Country
NFL
Puzzle
Pokémon
WWE
hide this ad
More By:
NHL_LHN
Quiz
Plays
Rating
Category
Featured
Created
Football - Legendary XI's 1990-present (Soccer)
9,021
4.24
Sports
Sep 12, 2011
Top Premier League Goal Scoring Trios by Year
5,346
5.00
Sports
Mar 10, 2016
NHL - Most Points by Name I
4,506
4.23
Sports
Apr 9, 2013
NHL - Last Fives Grab Bag
4,145
4.32
Sports
Jan 9, 2013
NHL - Best Single Season Save % by Team
3,075
4.21
Sports
Apr 30, 2012
Go to Creator's Profile
Score Distribution
Quiz Creator Spotlight
NHL_LHN
Follow
Send a Message
Quizzes Created
-
Created Quiz Play Count
-
More By This Creator
Popular Quizzes Today
1
Countries of Asia Without Outlines Minefield
2
Find the US States - No Outlines Minefield
3
Pick 6: Fruits
4
Alphabetical 'K' Countries by Flag Minefield
5
The Countries of the World
6
Find the US States
7
US States
8
Find the Countries of Europe - No Outlines Minefield
More Sports Quizzes
WWE's Top 50 Superstars of All Time
Published
Trending Quizzes
Pick 6: Mountains
Pick 6: Harry Potter
Pick 6: Flags
Pick 6: NFL Teams
Pick 6: Movie Franchises
Recently Updated
NWSL Teams
pecheneg
Women's Final Four Teams by Year
bhenderson79
Presidents Quartet II
eogle
Anything But Clue(do)
eogle
Anything But Oceanian Capitals
eogle
Anything But 7
eogle
Anything But Thing
eogle
Word Ladder: February 29
pecheneg
Song Title Questions
pecheneg
Women's NCAA Tournament #1 Seeds
pecheneg
Trending Topics
Disney
NBA
Harry Potter
Crossword
Anime
Kpop
Marvel
Soccer
NFL
Song
The Office
Pokémon
Puzzle
WWE
Country
Your Account Isn't Verified!
In order to create a playlist on Sporcle, you need to verify the email address you used during registration. Go to your
Sporcle Settings
to finish the process.
Report this User
Report this user for behavior that violates our
Community Guidelines
.
Details:
Send Report
Go to the Sporcle.com Mobile Site →
Comments